000 00411nam a22001577a 4500
999 _c2185
_d2185
008 200215b ||||| |||| 00| 0 eng d
082 0 0 _a623.8909
_bH613
100 _91772
_aHewson, J. B.
245 1 0 _aA History of the practice of navigation
_cby J B Hewson
250 _a1st
260 _aGlasgow
_bBrown,Son & Ferguson
_c1951
300 _aviii,270p.
365 _d22.08
650 0 _aNavigation
942 _cBK